Caterpillar to butterfly / (Record no. 390)

MARC details
000 -LEADER
fixed length control field 01429nam a22003257a 4500
001 - CONTROL NUMBER
control field 390
003 - CONTROL NUMBER IDENTIFIER
control field FISKH
005 - DATE AND TIME OF LATEST TRANSACTION
control field 20230406102107.0
008 - FIXED-LENGTH DATA ELEMENTS--GENERAL INFORMATION
fixed length control field 230406b cb ||||| |||| 00| 0 eng d
020 ## - INTERNATIONAL STANDARD BOOK NUMBER
International Standard Book Number 9780545644679
040 ## - CATALOGING SOURCE
Original cataloging agency BTCTA
Language of cataloging eng
Transcribing agency BTCTA
Modifying agency BDX
-- DCH
-- IFJ
-- CO2
-- OCP
-- UKMGB
-- NYP
-- WL8
-- KCP
-- DLC
-- FISKH
042 ## - AUTHENTICATION CODE
Authentication code lccopycat
050 00 - LIBRARY OF CONGRESS CALL NUMBER
Classification number QL544.2
Item number .M258 2012
082 04 - DEWEY DECIMAL CLASSIFICATION NUMBER
Classification number 595.78/9
Edition number 23
100 1# - MAIN ENTRY--PERSONAL NAME
Personal name Marsh, Laura F.
245 10 - TITLE STATEMENT
Title Caterpillar to butterfly /
Statement of responsibility, etc. Laura Marsh.
260 ## - PUBLICATION, DISTRIBUTION, ETC.
Place of publication, distribution, etc. Washington, D.C. :
Name of publisher, distributor, etc. National Geographic,
Date of publication, distribution, etc. 2012.
300 ## - PHYSICAL DESCRIPTION
Extent 32 p. :
Other physical details col. ill. ;
Dimensions 24 cm.
490 1# - SERIES STATEMENT
Series statement National Geographic readers. Level 1
505 0# - FORMATTED CONTENTS NOTE
Formatted contents note Riddle -- Beautiful butterflies -- Four stages -- Time for lunch! -- Cool butterfly facts -- Back off! -- Moth or butterfly? -- Bring butterflies to you -- What in the world?
520 ## - SUMMARY, ETC.
Summary, etc. Introduces readers to butterflies and the process by which they go from being an egg, to a caterpillar, to a chrysalis, and finally to a butterfly--
Assigning source source other than Library of Congress.
521 8# - TARGET AUDIENCE NOTE
Target audience note 470 <br/>
Source Lexile
521 8# - TARGET AUDIENCE NOTE
Target audience note H <br/>
Source Raz-Plus
650 #0 - SUBJECT ADDED ENTRY--TOPICAL TERM
Topical term or geographic name entry element Caterpillars
Form subdivision Juvenile literature.
650 #0 - SUBJECT ADDED ENTRY--TOPICAL TERM
Topical term or geographic name entry element Butterflies
Form subdivision Juvenile literature.
830 #0 - SERIES ADDED ENTRY--UNIFORM TITLE
Uniform title National Geographic readers.
Number of part/section of a work Level 1
906 ## - LOCAL DATA ELEMENT F, LDF (RLIN)
a 7
b cbc
c copycat
d 3
e ncip
f 20
g y-gencatlg
942 ## - ADDED ENTRY ELEMENTS (KOHA)
Source of classification or shelving scheme Dewey Decimal Classification
Koha item type Books
Suppress in OPAC No
Holdings
Withdrawn status Lost status Source of classification or shelving scheme Damaged status Not for loan Collection Home library Current library Shelving location Date acquired Total Checkouts Full call number Barcode Date last seen Date last checked out Price effective from Koha item type
    Dewey Decimal Classification     Non-Fiction Footprints International School Library Network Toul Kork Campus Footprints International School Library Network Toul Kork Campus TK Primary Library Room(4th Floor), Bookcase 1&2, Shelves 1-16, Dark Blue Books 04/06/2023 5 MAR 595.78 QL544.M258 FISBK02633 02/13/2025 02/05/2025 04/06/2023 Books